000
00332nam a2200145Ia 4500
008
230718s9999 xx 000 0 und d
041
_a
Eng.
082
_a
1920.12
_b
CHU-V
100
_a
Church, charlotte
245
0
_a
Voice of an angul
260
_a
Pakistan
_b
Michael Grac
_c
2001
300
_a
232
650
_a
Law
999
_c
26173
_d
26173